| 000 | 00000nas##2200000za#4500 |
| 001 | 9.500852 |
| 003 | CaOODSP |
| 005 | 20200325082456 |
| 007 | cr ||||||||||| |
| 008 | 150406c2001||||xxc|| m o||||f| |0fre|d |
| 022 | |a1496-4570 |
| 040 | |aCaOODSP|bfre |
| 043 | |an-cn--- |
| 086 | 1 |aCS85-0033F-PDF |
| 245 | 00|aSérie de profils du Centre canadien de la statistique juridique |h[ressource électronique] |
| 260 | |aOttawa - Ontario : |bStatistique Canada. |
| 310 | |aIrrégulier |
| 362 | 1 |a[N° 1, 2001 --] |
| 520 | 3 |aProfils financés dans le cadre du Projet de recherche sur les politiques. Comme objectif d'approfondir l'analyse des données sur l'expérience vécue par divers groupes en tant que victimes et délinquants* dans le système de justice pénale. Les profils proviennent de sources de Statistique Canada et présentent un ensemble de renseignements socio-démographiques, économiques et en matière de justice pénale ainsi qu'une information précise sur chaque groupe. *Les données portant sur les délinquants sont seulement disponibles pour les profils suivants: Les Autochtones, les enfants et les jeunes, les personnes âgées et les femmes. |
| 691 | 07|aJustice pénale|2gcpds |
| 710 | 1 |aCanada.|bStatistique Canada. |bCentre canadien de la statistique juridique. |
| 775 | 08|tCanadian Centre for Justice Statistics profile series |w(CaOODSP)9.504431 |